000 00349nam a2200145Ia 4500
008 230711s9999||||xx |||||||||||||| ||und||
041 _aENG
082 _a720
_bWE-P
100 _aWeismantel,Guy E
245 0 _aPaint handbook
250 _a1st
260 _c1989
_aNew York
_bTata McGraw Hill Education Limited
650 _aArchitecture
942 _cBK
999 _c287
_d287